000 00995nam a2200265Ia 4500
001 21182
003 GE_BSU
008 181216s||||||||xx |||||||||||||| ||und||
020 _a9789941148101
040 _cGE_BSU
080 _a004.42
100 _aბაიაშვილი, ზურაბ.
245 _aMATLAB პროგრამული პაკეტის გამოყენების საფუძვლები
245 _bსახელმძღვ.
245 _c[რედ. ლ. მამალაძე]
260 _aთბილისი
260 _bსტუ.
260 _c2010
300 _a120გვ. : ფიგ. ; 20სმ.
300 _bბიბლიოგრ.: გვ. 118.
541 _h6ლ.
653 _aკომპიუტერული პროგრამები. პროგრამული პაკეტები.
653 _aკომპიუტერული ტექნოლოგიები
942 _cBK
999 _c54127
_d54127